| 000 | 00487nam a2200181Ia 4500 | ||
|---|---|---|---|
| 005 | 20250508163400.0 | ||
| 008 | 008 250505s9999 xx 000 0 eng d | ||
| 037 | _aTextual | ||
| 040 |
_aFEDL _beng _cFEDL |
||
| 041 |
_aeng _2eng |
||
| 084 |
_a822, SWI _qFEDL |
||
| 100 |
_aSwinson Cyril Ed. _9759137 |
||
| 245 | 0 | _aNight rider and other plays | |
| 260 |
_aLondon, UK _bA and C Black Limited |
||
| 300 | _a80p. | ||
| 942 |
_cTEXL _h822, SWI |
||
| 999 |
_c1382703 _d1382703 |
||